LEADER 01116nam0 22002771i 450 001 UON00146658 005 20231205102904.6 010 $a84-8198-372-1 100 $a20020107d2001 |0itac50 ba 101 $aspa 102 $aCH 105 $a|||| ||||| 200 1 $aGuinea Ecuatorial$eBibliografia general XII$ereferencias 31947-37000 (y recapitulacion de ls referencias 17379-31946)$fMax Liniger-Goumaz 210 $aGenève$cLes Editions du Temps$d2001 215 $a423 p.$d20 cm 606 $aGUINEA EQUATORIALE$xBibliografia$3UONC023744$2FI 620 $aCH$dGenève$3UONL003003 676 $a016.96718$cBIBLIOGRAFIA DELLA GUINEA EQUATORIALE$v21 700 1$aLINIGER-GOUMAZ$bMax$3UONV048491$0243927 712 $aEditions du temps$3UONV257832$4650 801 $aIT$bSOL$c20240220$gRICA 899 $aSIBA - SISTEMA BIBLIOTECARIO DI ATENEO$2UONSI 912 $aUON00146658 950 $aSIBA - SISTEMA BIBLIOTECARIO DI ATENEO$dSI AFR ST Bibl 105/12 $eSI AA 24461 5 105/12 996 $aGuinea Ecuatorial$91238746 997 $aUNIOR